000
00273nam a2200109Ia 4500
008
230907s9999||||xx |||||||||||||| ||und||
082
_a
620.00151
_b
ZIL
100
_a
Zill, Dennis G.,
_9
1266
245
0
_a
Advanced engineering mathematics /
300
_a
943 p.
942
_c
BK
999
_c
599994
_d
599994